| 000 | 00000nas 2200000za 4500 |
| 001 | 9.834517 |
| 003 | CaOODSP |
| 005 | 20221107150443 |
| 007 | cr ||||||||||| |
| 008 | 170330d19721978onczn p oss f0###a0eng|d |
| 022 | |y0705-4394 |
| 040 | |aCaOODSP|beng |
| 041 | |aeng|afre |
| 043 | |an-cn--- |
| 086 | 1 |aCS41-009-PDF |
| 245 | 00|aFabricated metal products |h[electronic resource] = |bProduits métalliques. |
| 246 | 11|aProduits métalliques |
| 260 | |aOttawa : |bStatistics Canada, Manufacturing and Primary Industries Division = Statistique Canada, Division des industries manufacturières et primaires, |c1972-1978. |
| 310 | |aIrregular |
| 362 | 0 |aVol. 1, no. 1-v. 7, no. 2. |
| 490 | 0 |aService bulletin = Bulletin de service |
| 500 | |aDigitized edition from print [produced by Statistics Canada]. |
| 500 | |aSubtitle varies. |
| 515 | |aIssues of Sanitaryware dated Jan. and Feb. 1974 are called v. 2, no. 1 and no. 2 but constitute v. 3, no. 1 and no. 2. Issues of Sanitaryware for May-Dec. 1974 are called v. 2, no. 5-no. 12 but constitute v. 3, no. 5-no. 12. |
| 515 | |aIssue of Oil filters and cartridges for Mar. 1975 is called v. 4, no. 3 but constitutes v. 4, no. 13. |
| 515 | |aSome issues lack volume numbering. |
| 546 | |aText in English and French. |
| 580 | |aSplit into: Sanitaryware; Cemented tungsten carbide blanks and tools; Builders and shelf hardware; Domestic and farm water systems; Oil filters and cartridges; and, Shipments of domestic mobile homes. |
| 692 | 07|2gccst|aMetalworking industry |
| 692 | 07|2gccst|aStatistics |
| 710 | 1 |aCanada. |bStatistics Canada. |bManufacturing and Primary Industries Division. |
| 785 | 00|tCemented tungsten carbide blanks and tools |w(CaOODSP)9.825805 |
| 785 | 00|tBuilders and shelf hardware |w(CaOODSP)9.825807 |
| 785 | 00|tDomestic and farm water systems |w(CaOODSP)9.825825 |
| 785 | 00|tOil filters and cartridges |w(CaOODSP)9.825869 |
| 785 | 00|tShipments of domestic mobile homes |w(CaOODSP)9.826223 |
| 785 | 00|tSanitaryware |w(CaOODSP)9.825800 |
| 792 | |tFabricated metal products |efre|w(CaOODSP)9.834550 |